000 00249nam a22000857a 4500
008 160630b xxu||||| |||| 00| 0 eng d
100 _91565
_a Garg, P.K
245 _aQuestions for Revision in Mathematics - X
260 _aNew Delhi
_bArya Publication
_c2005
999 _c1294
_d1294